| 000 | 00999nam a2200289Ia 4500 | ||
|---|---|---|---|
| 001 | Para_44 | ||
| 003 | CHAP | ||
| 008 | 220125s1977 xx 000 0 und d | ||
| 010 | _a198617 | ||
| 040 | _cCHAP | ||
| 090 | _aPA FOLLETO 47 | ||
| 100 |
_aFlores García, Rodolfo _941552 |
||
| 245 |
_aDeterminación del nivel economico del daño causado por Alabama Argillacea al cultivo del algodonero en la zona del Soconusco, Chiapas, México / _c por Rodolfo Flores García, P. René Bodegas Valera y Martha E. de Coss F |
||
| 260 |
_aTapachula, Chis. : _b Centro de Investigaciones del Sureste |
||
| 300 | _a5 p. | ||
| 410 | _aBoletín de información; 5 | ||
| 650 |
_aAlabama argillacea _93298 |
||
| 700 |
_aI. Bodegas Valera P., René _9163898 |
||
| 700 |
_aII. Coss F., Martha E. de _9163899 |
||
| 901 | _aPA FOLLETO 47 | ||
| 902 | _aA | ||
| 905 | _a0000071977 Tap 0000000000 00 | ||
| 910 | _a1977 | ||
| 942 | _cPARA | ||
| 942 |
_cPARA _d1 |
||
| 999 |
_c198617 _d198617 |
||